Quiz ogólnogeograficzny Chatu GPT - Statystyki

Ogólne statystyki
  • Ten quiz został rozwiązany 19 razy
  • Średni wynik to 3 z 6
Statystyki odpowiedzi
Pytanie Odpowiedź % Poprawnych
Gdzie znajduje się Dolina Śmierci? USA
83%
Jaka jest stolica Kenii? Nairobi
75%
Jaki Ocean dzieli Azję od Ameryk? Ocean Spokojny
67%
Z jakiego kraju pochodził Ferdynand Magellan Portugalia
58%
Jakie miasto jest nazywane Wielkim Jabłkiem? Nowy Jork
42%
Jak nazywa się flaga Włoch? Tricolore
8%
Nie znaleziono quizów pasujących do podanych kryteriów
Rozkład punktacji
Procent ludzi z każdym wynikiem
Percentyl według liczby udzielonych odpowiedzi
Twoja historia wyników
Nie rozwiązałeś tego quizu